| 000 | 00723nam a2200217Ia 4500 | ||
|---|---|---|---|
| 003 | OSt | ||
| 005 | 20220926021845.0 | ||
| 006 | a|||||r|||| 00| 0 | ||
| 007 | ta | ||
| 008 | 220923b |||||||| |||| 00| 0 eng d | ||
| 037 | _cGeneral Book | ||
| 040 |
_aRTL _cRTL _beng |
||
| 041 |
_2eng _aeng |
||
| 082 | _aVIN45,933:8.N73:(2:55), L41 | ||
| 245 | 0 |
_aIndex to proceedings of the general assembly _b Twenty-eighth session-1973, Sixth Special session-1974 by bag Hammrskjold library. |
|
| 260 |
_aNew York _bUnited Nations _c1974 |
||
| 300 |
_avi; 247p. _ccm. |
||
| 490 | _aBibliographical series no.A.24 | ||
| 942 |
_hVIN45,933:8.N73:(2:55), L41 _cGB _2CC |
||
| 999 |
_c637829 _d637829 |
||